Statistiques concernant Les 20 capitales les plus proches de Kiev (Ukraine) à vol d'oiseau

Cliquez ici pour prendre le quiz!

Statistiques générales

  • Ce quiz a été pris 159 fois
  • Le résultat moyen est 17 sur 20

Statistiques - réponses

Distance (km)Capitale% Correct
757Moscou (Russie)
100%
748Bucarest (Roumanie)
93%
690Varsovie (Pologne)
93%
434Minsk (Biélorussie)
92%
900Budapest (Hongrie)
91%
1 005Bratislava (Slovaquie)
89%
590Vilnius (Lituanie)
88%
1 023Sofia (Bulgarie)
87%
402Chisinau (Moldavie)
86%
837Riga (Lettonie)
86%
1 055Vienne (Autriche)
84%
983Belgrade (Serbie)
83%
1 143Prague (République Tchèque)
83%
1 195Zagreb (Croatie)
81%
1 185Ankara (Turquie)
80%
1 137Helsinki (Finlande)
74%
1 172Sarajevo (Bosnie-Herzégovine)
70%
1 171Skopje (Macédoine)
68%
1 065Tallinn (Estonie)
68%
1 123Pristina (Kosovo)
67%

Distribution des résultats

Percentile par nombre de réponses

% des personnes avec chaque résultat

Votre développement - résultats

Vous n’avez pas pris ce quiz